[Descripción de minerales y yacimientos de la provincia de Alicante?] (Record no. 189634)

MARC details
000 -LEADER
campo de control de longitud fija 00848ntm a2200217 i 4500
001 - NÚMERO DE CONTROL
campo de control 189634
003 - IDENTIFICADOR DE NÚMERO DE CONTROL
campo de control ES-MaACL
005 - FECHA Y HORA DE LA ÚLTIMA TRANSACCIÓN
campo de control 20250628063408.0
008 - DATOS DE LONGITUD FIJA--INFORMACIÓN GENERAL
campo de control de longitud fija 190708q1640 sp |||| | spa d
080 ## - NÚMERO DE LA CLASIFICACIÓN DECIMAL UNIVERSAL
Número de la Clasificación Decimal Universal 502.64
245 01 - MENCIÓN DEL TÍTULO
Título [Descripción de minerales y yacimientos de la provincia de Alicante?]
Medio [Manuscrito].
260 ## - PUBLICACIÓN, DISTRIBUCIÓN, ETC.
Fecha de publicación, distribución, etc. [ca. 1640]
300 ## - DESCRIPCIÓN FÍSICA
Extensión 1 hoja ;
Dimensiones 21 cm.
500 ## - NOTA GENERAL
Nota general Legado de Federico de Botella y de Hornos
650 #7 - PUNTO DE ACCESO ADICIONAL DE MATERIA--TÉRMINO DE MATERIA
9 (RLIN) 150460
Término de materia o nombre geográfico como elemento de entrada Yacimientos minerales
651 #4 - PUNTO DE ACCESO ADICIONAL DE MATERIA--NOMBRE GEOGRÁFICO
Nombre geográfico Recursos minerales-
Subdivisión geográfica Alicante.
9 (RLIN) 226224
852 ## - LOCALIZACIÓN
Ubicación ES-MaACL
Ubicación en estantería Sala Pardo Bazán
Donativo/Legado Legado de Federico de Botella y de Hornos
Número de control de estantería B-8924(24)
Encuadernación Encuadernado en un vol. facticio agrupado con el nombre en el lomo: España, geología, memorias y documentos varios 1 a 8
942 ## - ELEMENTOS DE ENTRADA SECUNDARIOS (KOHA)
Fuente del sistema de clasificación o colocación Clasificación decimal universal
Tipo de ítem Koha Manuscrito
Suprimir en OPAC No
Holdings
Estatus retirado Estado de pérdida Estado de daño No para préstamo Colección Biblioteca de origen Biblioteca actual Ubicación en estantería Fecha de adquisición Fuente de adquisición Total de préstamos Signatura topográfica completa Código de barras Visto por última vez Precio de reemplazo Tipo de ítem Koha
        Manuscritos Biblioteca del Ateneo de Madrid Biblioteca del Ateneo de Madrid Sala Pardo Bazán 08/07/2019     B-8924(24) 1201001 23/02/2023 23/02/2023 Manuscrito